[Event "HUN-chT2 Barcza 2324"]
[Site "Hungary"]
[Date "2024.05.12"]
[Round "9.4"]
[White "Zelena, Tamas"]
[Black "Koncz, Istvan"]
[Result "1/2-1/2"]
[WhiteElo "1991"]
[BlackElo "1887"]
[PlyCount "33"]
[EventDate "2023.10.08"]
[EventType "team-tourn"]
[EventRounds "9"]
[EventCountry "HUN"]
[SourceTitle "EXT 2025"]
[Source "ChessBase"]
[SourceDate "2024.10.14"]
[SourceVersion "1"]
[SourceVersionDate "2024.10.14"]
[SourceQuality "1"]
[WhiteTeam "Sportisk KisBocsok"]
[BlackTeam "Debrecen Sakkiskola"]
[WhiteTeamCountry "HUN"]
[BlackTeamCountry "HUN"]

1. e4 c5 2. Nf3 d6 3. d4 cxd4 4. Nxd4 Nf6 5. Nc3 a6 6. a4 e6 7. Be3 Be7 8. Be2 Bd7 9. Qd2 Nc6 10. 0-0 0-0 11. Nb3 Qc7 12. a5 Ne5 13. Bb6 Qc8 14. Qd4 Nc6 15. Qd2 Ne5 16. Qd4 Nc6 17. Qd2 1/2-1/2

[Event "HUN-chT2 Barcza 2324"]
[Site "Hungary"]
[Date "2024.04.21"]
[Round "8.8"]
[White "Koncz, Istvan"]
[Black "Ecsedi, Sandor"]
[Result "1-0"]
[WhiteElo "1887"]
[BlackElo "1878"]
[PlyCount "71"]
[EventDate "2023.10.08"]
[EventType "team-tourn"]
[EventRounds "9"]
[EventCountry "HUN"]
[SourceTitle "EXT 2025"]
[Source "ChessBase"]
[SourceDate "2024.10.14"]
[SourceVersion "1"]
[SourceVersionDate "2024.10.14"]
[SourceQuality "1"]
[WhiteTeam "Debrecen Sakkiskola"]
[BlackTeam "Karsol DSBK"]
[WhiteTeamCountry "HUN"]
[BlackTeamCountry "HUN"]

1. c4 e5 2. Nc3 Nc6 3. d3 g6 4. g3 Bg7 5. Bg2 d6 6. e4 Nge7 7. Nge2 Be6 8. 0-0 0-0 9. Rb1 a5 10. f4 Qd7 11. Nd5 f5 12. b3 Rae8 13. Bb2 Nd8 14. Qd2 Ndc6 15. Rbc1 b6 16. a3 fxe4 17. dxe4 Rc8 18. Rf2 Bh3 19. Rcf1 Bxg2 20. Kxg2 exf4 21. Bxg7 Kxg7 22. Qc3+ Kh6 23. Rxf4 Rxf4 24. gxf4 Qg4+ 25. Ng3 Nxd5 26. cxd5 Ne7 27. Qf6 Ng8 28. Qf7 Qh4 29. Rf3 Qg4 30. h3 Qh4 31. Qe6 Qd8 32. Nf5+ Kh5 33. Rg3 gxf5 34. Rg5+ Kh4 35. Qxf5 Nf6 36. Rg4+ 1-0

[Event "HUN-chT2 Barcza 2324"]
[Site "Hungary"]
[Date "2024.03.10"]
[Round "6.7"]
[White "Gyorgy, Balazs"]
[Black "Koncz, Istvan"]
[Result "0-1"]
[WhiteElo "1695"]
[BlackElo "1887"]
[PlyCount "76"]
[EventDate "2023.10.08"]
[EventType "team-tourn"]
[EventRounds "9"]
[EventCountry "HUN"]
[SourceTitle "EXT 2025"]
[Source "ChessBase"]
[SourceDate "2024.10.14"]
[SourceVersion "1"]
[SourceVersionDate "2024.10.14"]
[SourceQuality "1"]
[WhiteTeam "Lillafured DVTK II"]
[BlackTeam "Debrecen Sakkiskola"]
[WhiteTeamCountry "HUN"]
[BlackTeamCountry "HUN"]

1. e4 c5 2. Nf3 d6 3. d4 cxd4 4. Nxd4 Nf6 5. Nc3 a6 6. Bg5 e5 7. Nb3 Be7 8. Bxf6 Bxf6 9. Bc4 Be6 10. Bd5 Nc6 11. 0-0 0-0 12. Kh1 Qc7 13. Qd2 Rad8 14. Rad1 h6 15. Ne2 Ne7 16. f4 Bxd5 17. exd5 exf4 18. Nxf4 Bxb2 19. c4 Be5 20. Rc1 Qd7 21. Nd3 Bf6 22. Rc2 Ng6 23. Qf2 Rc8 24. Rd1 Qg4 25. Rdc1 Bg5 26. Nd2 Rfe8 27. Re1 Rxe1+ 28. Qxe1 Bxd2 29. Rxd2 Qxc4 30. Nf2 Qb4 31. Qd1 Re8 32. h3 b5 33. Kh2 Qf4+ 34. g3 Qc4 35. Kg2 Ne5 36. Kh2 Qc3 37. Kh1 Nc4 38. Re2 Qf3+ 0-1

[Event "HUN-chT2 Barcza 1314"]
[Site "Hungary"]
[Date "2013.11.17"]
[Round "5"]
[White "Magi, Tibor"]
[Black "Koncz, Istvan"]
[Result "1-0"]
[WhiteElo "1884"]
[BlackElo "1869"]
[PlyCount "133"]
[EventDate "2013.09.08"]
[EventType "team-tourn"]
[EventRounds "11"]
[EventCountry "HUN"]
[SourceTitle "EXT 2016"]
[Source "ChessBase"]
[SourceDate "2015.10.08"]
[SourceVersion "1"]
[SourceVersionDate "2015.10.08"]
[SourceQuality "1"]
[WhiteTeam "Nadudvar"]
[BlackTeam "Debrecen Sakkiskola"]
[WhiteTeamCountry "HUN"]
[BlackTeamCountry "HUN"]

1. d4 Nf6 2. Nf3 g6 3. Nbd2 d5 4. c3 Bg7 5. g3 0-0 6. Bg2 Bg4 7. Ne5 c6 8. Nxg4 Nxg4 9. e4 Nh6 10. 0-0 dxe4 11. Nxe4 Nd7 12. Qb3 Rb8 13. Qa3 Ra8 14. Bxh6 Bxh6 15. Rfe1 b6 16. Rad1 e6 17. Qd6 Rc8 18. Qa3 Qc7 19. Qe7 Rfe8 20. Qh4 Bg7 21. Bh3 h6 22. Nd2 b5 23. Re2 Nf6 24. Ne4 Nd5 25. Nc5 Nf6 26. Bg2 e5 27. Rde1 exd4 28. Qxd4 Rxe2 29. Rxe2 Rd8 30. Qe3 Ng4 31. Qe4 Rd1+ 32. Bf1 Nf6 33. Qc2 Qd6 34. Ne4 Nxe4 35. Qxe4 Bf6 36. Qe3 Qd5 37. Qe4 Qxa2 38. Qxc6 Qb1 39. Re8+ Kg7 40. Qxb5 Bxc3 41. Re7 Bd4 42. Qe2 Qxb2 43. Qf3 Bf6 44. Rxa7 Qd4 45. Rb7 g5 46. h3 Re1 47. Qb3 Re7 48. Rb8 Be5 49. Rb4 Qc3 50. Qb1 Bd6 51. Re4 Rxe4 52. Qxe4 Qe5 53. Qb7 h5 54. Bc4 Qf6 55. Qd7 Bc5 56. Qd2 Qf3 57. Qxg5+ Kh7 58. Qxc5 h4 59. Qd5 Qxd5 60. Bxd5 hxg3 61. f3 f5 62. f4 Kh6 63. Kg2 Kg6 64. Kxg3 Kf6 65. Kh4 Kg6 66. Bc6 Kf6 67. Kh5 1-0

[Event "HUN-chT2 Barcza 1314"]
[Site "Hungary"]
[Date "2013.10.20"]
[Round "3"]
[White "Koncz, Istvan"]
[Black "Gorbe, Szabolcs"]
[Result "1/2-1/2"]
[WhiteElo "1869"]
[BlackElo "1898"]
[PlyCount "97"]
[EventDate "2013.09.08"]
[EventType "team-tourn"]
[EventRounds "11"]
[EventCountry "HUN"]
[SourceTitle "EXT 2016"]
[Source "ChessBase"]
[SourceDate "2015.10.08"]
[SourceVersion "1"]
[SourceVersionDate "2015.10.08"]
[SourceQuality "1"]
[WhiteTeam "Debrecen Sakkiskola"]
[BlackTeam "Nyiregyhaza SISE"]
[WhiteTeamCountry "HUN"]
[BlackTeamCountry "HUN"]

1. c4 c6 2. Nc3 d5 3. cxd5 cxd5 4. d4 Nf6 5. g3 e6 6. Bg2 Nc6 7. a3 Be7 8. e3 0-0 9. Nf3 b6 10. 0-0 Ba6 11. Re1 Rc8 12. Qd2 Na5 13. Qd1 Rc7 14. Bf1 Bxf1 15. Kxf1 Qc8 16. Ne5 Qa6+ 17. Kg2 Nc4 18. Qe2 Qb7 19. Nb5 Rcc8 20. Nd3 a6 21. Nc3 Rc7 22. f3 Rfc8 23. Bd2 Nxd2 24. Qxd2 Ne8 25. Rec1 Nd6 26. b3 Bg5 27. f4 Bf6 28. Nf2 g6 29. Nd3 Nf5 30. Ne5 Be7 31. Na2 Nd6 32. Nc3 f6 33. Ng4 h5 34. Nf2 Kg7 35. h4 Rc6 36. Ne2 R8c7 37. Rxc6 Rxc6 38. Rc1 Rxc1 39. Qxc1 Qc8 40. Qc3 Qxc3 41. Nxc3 Kf7 42. Nd3 Ne4 43. Nb1 Bd6 44. b4 Ke7 45. Nb2 Kd7 46. Kf3 Kc6 47. g4 f5 48. g5 Kb5 49. Ke2 1/2-1/2

[Event "HUN-chT2 Barcza 1213"]
[Site "Hungary"]
[Date "2013.04.07"]
[Round "10.9"]
[White "Koncz, Istvan"]
[Black "Sike, Tamas"]
[Result "1/2-1/2"]
[WhiteElo "1790"]
[BlackElo "1834"]
[PlyCount "73"]
[EventDate "2012.09.16"]
[EventType "team-tourn"]
[EventRounds "11"]
[EventCountry "HUN"]
[SourceTitle "EXT 2014"]
[Source "ChessBase"]
[SourceDate "2013.11.20"]
[SourceVersion "1"]
[SourceVersionDate "2013.11.20"]
[SourceQuality "1"]
[WhiteTeam "Debrecen Sakkiskola"]
[BlackTeam "Kazincbarcika"]
[WhiteTeamCountry "HUN"]
[BlackTeamCountry "HUN"]

1. c4 c5 2. Nc3 d6 3. g3 Nf6 4. Bg2 g6 5. d3 Bg7 6. e4 Nc6 7. Nge2 0-0 8. 0-0 a6 9. a3 Bd7 10. Rb1 Rb8 11. f3 b5 12. cxb5 axb5 13. b4 cxb4 14. axb4 Qb6+ 15. Kh1 Rfc8 16. Qe1 Ne5 17. Nf4 e6 18. Be3 Qb7 19. Qd2 Ra8 20. Nfe2 Bc6 21. Nd4 Ra3 22. Nb3 Be8 23. Rfc1 Nc6 24. f4 Ng4 25. Nd1 Nxe3 26. Nxe3 Ne7 27. e5 Qd7 28. exd6 Rxc1+ 29. Qxc1 Rxb3 30. Rxb3 Qxd6 31. Ra3 Qxb4 32. Ra8 Kf8 33. Bc6 Nxc6 34. Qxc6 Qe1+ 35. Kg2 Qe2+ 36. Kh3 Qh5+ 37. Kg2 1/2-1/2

[Event "HUN-chT2 Barcza 1213"]
[Site "Hungary"]
[Date "2013.03.03"]
[Round "8.9"]
[White "Koncz, Istvan"]
[Black "Justyak, Gabor"]
[Result "1/2-1/2"]
[WhiteElo "1790"]
[BlackElo "1720"]
[PlyCount "101"]
[EventDate "2012.09.16"]
[EventType "team-tourn"]
[EventRounds "11"]
[EventCountry "HUN"]
[SourceTitle "EXT 2014"]
[Source "ChessBase"]
[SourceDate "2013.11.20"]
[SourceVersion "1"]
[SourceVersionDate "2013.11.20"]
[SourceQuality "1"]
[WhiteTeam "Debrecen Sakkiskola"]
[BlackTeam "Edeleny"]
[WhiteTeamCountry "HUN"]
[BlackTeamCountry "HUN"]

1. c4 e5 2. Nc3 Nf6 3. g3 Bc5 4. Bg2 Nc6 5. e3 d6 6. a3 Bf5 7. d3 0-0 8. b4 Bb6 9. Nge2 a6 10. 0-0 Re8 11. b5 axb5 12. cxb5 Na5 13. Bb2 e4 14. Nxe4 Nxe4 15. dxe4 Bxe4 16. Nd4 Bxg2 17. Kxg2 Nc4 18. Qc2 Nxb2 19. Qxb2 Qf6 20. a4 Re4 21. Rfd1 Bxd4 22. Rxd4 Rxd4 23. Qxd4 Qxd4 24. exd4 Kf8 25. Kf3 c6 26. bxc6 bxc6 27. Ke4 Ke7 28. d5 c5 29. a5 Kd7 30. Kd3 Kc7 31. Kc4 Rb8 32. Re1 Rb4+ 33. Kc3 Kd7 34. Ra1 Kc8 35. Re1 Rb7 36. Re8+ Kc7 37. Rh8 Ra7 38. Rxh7 Rxa5 39. Rxg7 Ra3+ 40. Kd2 Rf3 41. Ke2 Rf6 42. f4 Kd8 43. Ke3 Ke7 44. g4 Rh6 45. g5 Rxh2 46. g6 Kf6 47. Rxf7+ Kxg6 48. Rd7 Kf5 49. Rxd6 Rh3+ 50. Kd2 Kxf4 51. Rc6 1/2-1/2

[Event "HUN-chT2 Barcza 1213"]
[Site "Hungary"]
[Date "2012.11.04"]
[Round "3.10"]
[White "Koncz, Istvan"]
[Black "Szabo, Mate"]
[Result "1-0"]
[WhiteElo "1790"]
[BlackElo "1825"]
[PlyCount "91"]
[EventDate "2012.09.16"]
[EventType "team-tourn"]
[EventRounds "11"]
[EventCountry "HUN"]
[SourceTitle "EXT 2014"]
[Source "ChessBase"]
[SourceDate "2013.11.20"]
[SourceVersion "1"]
[SourceVersionDate "2013.11.20"]
[SourceQuality "1"]
[WhiteTeam "Debrecen Sakkiskola"]
[BlackTeam "DEAC"]
[WhiteTeamCountry "HUN"]
[BlackTeamCountry "HUN"]

1. c4 e5 2. Nc3 Nc6 3. g3 g6 4. Bg2 Bg7 5. e3 Nge7 6. Nge2 0-0 7. 0-0 d6 8. d3 Be6 9. e4 Qd7 10. a3 f5 11. f4 fxe4 12. Bxe4 Bg4 13. Qc2 Nf5 14. Rb1 exf4 15. Bxf4 Nfd4 16. Nxd4 Bxd4+ 17. Kh1 Bh3 18. Bg2 Bxg2+ 19. Qxg2 Rae8 20. Bh6 Rxf1+ 21. Rxf1 Ne5 22. Qd5+ Nf7 23. Qxd4 Nxh6 24. Ne4 Qc6 25. b4 Rf8 26. Rxf8+ Kxf8 27. Qh8+ Ng8 28. b5 Qd7 29. Qxg8+ Kxg8 30. Nf6+ Kf7 31. Nxd7 Ke7 32. Nb8 Kd8 33. d4 Kc8 34. Nc6 bxc6 35. bxc6 Kd8 36. Kg2 Ke7 37. Kf3 Ke6 38. Ke4 h6 39. d5+ Ke7 40. h4 h5 41. Kf4 Kf6 42. c5 Ke7 43. cxd6+ Kxd6 44. Ke4 Kc5 45. Ke5 a6 46. Ke6 1-0